000 nam a22 7a 4500
999 _c126517
_d126517
008 170724b xxu||||| |||| 00| 0 eng d
050 _aHM141.G35 1995
100 _aGardner, Howard
_915046
245 _aLeading minds
_bAn anatomy of leadership
_c/ Howard Gardner
260 _aNew York
_bBasic Books
_c1995
300 _axxii,391p. ;
_c24cm.
650 _aLeadership
_96573
650 _aLeadership
_xCase studies
_933460
700 _aLaskin, Emma
_ecol.
_933461
942 _2lcc
_cMONOGRAPH